| 000 | 00712nam a2200229Ia 4500 | ||
|---|---|---|---|
| 003 | OSt | ||
| 005 | 20240401122030.0 | ||
| 008 | 210210b1944 xxu||||| |||| 00| 0 eng d | ||
| 040 | _cAL | ||
| 041 | _aKannada | ||
| 082 | _a852/479 | ||
| 100 |
_aRAJARATNAM (G P) _9137032 _dರಾಜರತ್ನಂ ಜಿ ಪಿ. |
||
| 245 |
_aSvatantra bharatada ashoka chakradhvaja _bಸ್ವತಂತ್ರ ಭಾರತದ ಅಶೋಕ ಚಕ್ರಧ್ವಜ |
||
| 260 |
_aBengaluru _bHind Kitabs Ltd., _c1944 |
||
| 650 |
_aSvatantra _9137033 |
||
| 650 |
_achakradhvaja _9137034 |
||
| 650 |
_abharatada _9137035 |
||
| 650 |
_aashOka _9137036 |
||
| 690 |
_aKannada Prose _9137037 |
||
| 906 | _a019045 | ||
| 942 |
_2ddc _cBK |
||
| 999 |
_c118856 _d118856 |
||